000 00340nam a2200145Ia 4500
008 230711s9999||||xx |||||||||||||| ||und||
041 _aENG
082 _a621
_bRO-A
100 _aRoberts,A
245 0 _aApplied geotechnology
250 _a1st Ed.
260 _c1981
_aNew York
_bPergamon Press
650 _aCivil Engineering
942 _cBK
999 _c1016
_d1016